Loading...
| Current Events | 1 | 0.00 | 0% | 0% | 0% |
| Fine Arts - Classical Music | 4 | 22.50 | 100% | 100% | 25% |
| Fine Arts - Other Fine Arts | 7 | 18.57 | 100% | 71% | 14% |
| Fine Arts - Painting and Sculpture | 4 | 20.00 | 100% | 75% | 25% |
| Geography | 1 | 10.00 | 100% | 0% | 0% |
| History - American History | 6 | 10.00 | 100% | 0% | 0% |
| History - European History | 8 | 20.00 | 100% | 63% | 38% |
| History - Other History | 10 | 12.00 | 90% | 30% | 0% |
| History - World History | 9 | 12.22 | 89% | 22% | 11% |
| Literature - American Literature | 5 | 8.00 | 80% | 0% | 0% |
| Literature - British Literature | 3 | 10.00 | 100% | 0% | 0% |
| Literature - European Literature | 5 | 12.00 | 100% | 20% | 0% |
| Literature - World Literature | 8 | 10.00 | 88% | 0% | 13% |
| Mythology | 7 | 15.71 | 100% | 57% | 0% |
| Other Academic | 1 | 10.00 | 100% | 0% | 0% |
| Philosophy | 4 | 12.50 | 75% | 50% | 0% |
| Religion | 5 | 10.00 | 100% | 0% | 0% |
| Science - Biology | 6 | 23.33 | 100% | 100% | 33% |
| Science - Chemistry | 8 | 20.00 | 88% | 63% | 50% |
| Science - Other Science | 5 | 16.00 | 60% | 60% | 40% |
| Science - Physics | 6 | 20.00 | 100% | 67% | 33% |
| Social Science | 7 | 12.86 | 100% | 29% | 0% |